| 000 | 00410nam a2200145Ia 4500 | ||
|---|---|---|---|
| 008 | 211109s9999||||xx |||||||||||||| ||und|| | ||
| 082 |
_a894.8124 _bBAL-K |
||
| 100 | _aBalakrishna Pillai, A | ||
| 245 | 0 | _aKesariyude Muka Prasangangal | |
| 260 |
_bDC Books _aKottayam _c1989 |
||
| 300 | _a220p | ||
| 630 | _xGENERAL STACK | ||
| 650 |
_aMALAYALAM _vMALAYALAM LITERATURE _xMALAYALAM ESSAYMalayalam |
||
| 942 | _cBOOK | ||
| 999 |
_c41244 _d41244 |
||